000 00423nab a2200145Ia 4500
003 ES-SlBCS
005 20210601125232.0
008 140529s1973 xxu||||| |||| 00| 0 eng d
041 _aeng
100 1 _aGenova, A. C.
_9138210
245 0 0 _aDeath as a Terminus ad Quem
_c A. C. Genova
650 0 4 _aMuerte
_986712
773 0 _tPhilosophy and Phenomenological Research
_gvol. 34, 1973, págs. 270-277
_wRev1411
942 _cAR
999 _c526988
_d526988